000 02472cam a2200421 i 4500
001 23490490
003 BJBSDDR
005 20251112154513.0
006 a|||||r|||| 00| 0
007 ta
008 230720s2023 fr ab rb 000 0 fre
010 _a 2023427385
020 _a9782724641400
_q(paperback)
035 _a23490490
035 _a(Fr-PaAMA)AAL08287465-0001
040 _aDLC
_beng
_erda
_cDLC
041 _afre
042 _apcc
050 0 0 _aJZ1394
_b.M741 2023
245 0 3 _aUn monde en crises /
_csous la direction de Eberhard Kienle, Carola Klöck, Adrien Estève et Alain Dieckhoff.
264 1 _aParis :
_bSciencesPo, les presses,
_c[2023]
300 _a176 pages :
_billustrations (chiefly color), color maps ;
_c21 cm.
336 _atext
_btxt
_2rdacontent
337 _aunmediated
_bn
_2rdamedia
338 _avolume
_bnc
_2rdacarrier
490 0 _aL'enjeu mondial
504 _aIncludes bibliographical references.
520 _a La marche du monde s'enraye sous l'effet d'une accumulation de crises graves. Dernière en date après la pandémie de Covid-19 et promettant d'être longue, la guerre en Ukraine menace la paix et la sécurité alimentaire à l'échelle mondiale. Elle vient s'ajouter à une fragilisation de la démocratie, notamment en Europe, à l'érosion des normes humanitaires, au creusement des inégalités, à la dislocation de nombreux États, au déclin du multilatéralisme, aux tensions liées à l'approvisionnement énergétique et, surtout, au dérèglement climatique. La singularité de cette constellation de crises réside dans leur intensité exponentielle, dans l'enchevêtrement des défis qu'elles posent et dans l'incapacité des gouvernants et des institutions à les traiter de front. Les chercheurs et chercheuses du Centre de recherches internationales (CERI) de Sciences Po réunis dans cet ouvrage tentent de décrypter les mutations profondes qui se produisent sous nos yeux. »--Quatrième de couverture
650 0 _aInternational relations
_xHistory
_y21st century.
700 1 _aKienle, Eberhard,
_d1957-
_eeditor.
_945938
700 1 _aKlöck, Carola
_eeditor.
_945939
700 1 _aEstève, Adrien
_eeditor.
_945940
700 1 _aDieckhoff, Alain,
_d1958-
_eeditor.
_945941
906 _a7
_bcbc
_corigres
_d3
_encip
_f20
_gy-gencatlg
942 _2lcc
_n0
_cBK
946 _iLLH
999 _c125832
_d125832